Europe Without SPORCLE Quiz Stats

Quiz Updated Jan 14, 2018

Also try: Flags of Europe
Challenge
Share
Tweet
Embed
Score 0/47 Timer 04:00
8 Plays Today
Hint Country % Correct
Ita_yItaly
89.1%
N_ _wayNorway
89.1%
Unit_d Kingd_mUnited Kingdom
89%
Tu_k_yTurkey
89%
B_ _giumBelgium
89%
Fin_andFinland
89%
G_ _manyGermany
88.9%
Hunga_yHungary
88.9%
A_baniaAlbania
88.9%
D_nma_kDenmark
88.8%
Uk_ain_Ukraine
88.5%
Bu_ga_iaBulgaria
88.5%
_ithuaniaLithuania
88.5%
Au_t_iaAustria
88.4%
_witz_ _ _andSwitzerland
88.4%
_atviaLatvia
88.1%
Ma_taMalta
88%
Vati_an _ity Vatican City
87.9%
N_th_ _ _and_Netherlands
86.7%
_ux_mb_u_gLuxembourg
86.7%
_ _ _vakiaSlovakia
86.5%
I_ _ _andIceland
86.1%
I_ _ _andIreland
85.9%
M_nt_n_g_ _Montenegro
84.7%
Hint Country % Correct
M_ _d_vaMoldova
84.6%
_w_d_nSweden
84.3%
F_an_ _France
83.7%
Ma_ _d_niaMacedonia
83.6%
And_ _ _aAndorra
83.1%
_ _ainSpain
82.1%
B_ _nia  and  H_ _z_g_vinaBosnia and Herzegovina
81%
_ _maniaRomania
80.9%
_an Ma_in_San Marino
80.8%
K_ _ _ v _Kosovo
80.1%
_ _ _atiaCroatia
79.4%
_ _ _v_niaSlovenia
75.9%
_ _ _tuga_Portugal
75.2%
_i_ _ht_n_t_inLiechtenstein
71.4%
_ _ _biaSerbia
71.3%
M_na_ _Monaco
69%
_z_ _hiaCzechia
66.6%
G_ _ _ _ _Greece
65.1%
B_ _a_u_Belarus
64.5%
_ _ _andPoland
59.5%
_y_ _u_Cyprus
58.6%
_ _t_niaEstonia
55.6%
_u_ _iaRussia
55.1%

You're not logged in!

Compare scores with friends on all Sporcle quizzes.
Sign Up with Email
OR
Log In

You Might Also Like...

Show Comments

Extras

Top Quizzes Today


Score Distribution

Your Account Isn't Verified!

In order to create a playlist on Sporcle, you need to verify the email address you used during registration. Go to your Sporcle Settings to finish the process.

Report this User

Report this user for behavior that violates our Community Guidelines.

Details: